00574nam a22001455i 4500001000700000003000900007005001700016008004100033040002000074100001900094245008500113260008400198300002100282852012500303161137ES-MaACL20230906212212.0041020s1899 sp |||| | spa d aCAM bspa cCAM1 aOssé, Juano.13aLa primera representción de la ópera La Torre de Babel / cpor Juano Ossé. aSevilla : b[s.n.], c1899 (fEstablecimiento tipográfico de Enrique Bergali) a52 p. ; c22 cm. aES-MaACLjFol-Laf-305 z-- Rust. z-- Legado M. de la Fuente z-- Dedicatoria de José Osuna al Heraldo de Madrid, 1899